000 00410nam a2200133Ia 4500
008 100328s9999 xx 000 0 und d
082 _b11370
100 _aपंडित रघुनाथ
245 _aदमयंती स्वयंवर
260 _bव्हीनस
630 _aदमयंती स्वयंवर
730 _aदमयंती स्वयंवर
942 _cBOOK
999 _c506697
_d506694